000 00569nam a22001691a 4500
001 4377
003 OSt
005 20260204211929.0
008 050813s1986||||dr ||||||b||||||||||spa||
090 _aAGT-86-0989
100 _aNuñez Regalado, Mercedes Rosa E.
245 _aInfluencia de la metodología empleada en el proceso de enseñanza - aprendizaje de la biología en la actitud generada en los alumnos / Mercedes Rosa E. Nuñez Regalado. Asesor:
264 _aSanto Domingo: El Autor
502 _aTesis (Agronomía)
650 _aAgronomíaÌ
942 _2ddc
_cTH
999 _c4377
_d4377